<?xml version="1.0" encoding="UTF-8"?><?xml-stylesheet type="text/xsl" href="static/style.xsl"?><OAI-PMH xmlns="http://www.openarchives.org/OAI/2.0/" xmlns:xsi="http://www.w3.org/2001/XMLSchema-instance" xsi:schemaLocation="http://www.openarchives.org/OAI/2.0/ http://www.openarchives.org/OAI/2.0/OAI-PMH.xsd"><responseDate>2026-04-17T19:21:35Z</responseDate><request verb="GetRecord" identifier="oai:www.recercat.cat:2117/422288" metadataPrefix="marc">https://recercat.cat/oai/request</request><GetRecord><record><header><identifier>oai:recercat.cat:2117/422288</identifier><datestamp>2026-02-07T09:50:27Z</datestamp><setSpec>com_2072_1033</setSpec><setSpec>col_2072_452950</setSpec></header><metadata><record xmlns="http://www.loc.gov/MARC21/slim" xmlns:dcterms="http://purl.org/dc/terms/" xmlns:xsi="http://www.w3.org/2001/XMLSchema-instance" xmlns:doc="http://www.lyncode.com/xoai" xsi:schemaLocation="http://www.loc.gov/MARC21/slim http://www.loc.gov/standards/marcxml/schema/MARC21slim.xsd">
   <leader>00925njm 22002777a 4500</leader>
   <datafield ind2=" " ind1=" " tag="042">
      <subfield code="a">dc</subfield>
   </datafield>
   <datafield ind2=" " ind1=" " tag="720">
      <subfield code="a">Rivera Vila, Gerard</subfield>
      <subfield code="e">author</subfield>
   </datafield>
   <datafield ind2=" " ind1=" " tag="720">
      <subfield code="a">Gamel, Mansur Mohammed Ali</subfield>
      <subfield code="e">author</subfield>
   </datafield>
   <datafield ind2=" " ind1=" " tag="720">
      <subfield code="a">López Rodríguez, Gema</subfield>
      <subfield code="e">author</subfield>
   </datafield>
   <datafield ind2=" " ind1=" " tag="720">
      <subfield code="a">Garin Escriva, Moises</subfield>
      <subfield code="e">author</subfield>
   </datafield>
   <datafield ind2=" " ind1=" " tag="720">
      <subfield code="a">Martín García, Isidro</subfield>
      <subfield code="e">author</subfield>
   </datafield>
   <datafield ind2=" " ind1=" " tag="260">
      <subfield code="c">2025</subfield>
   </datafield>
   <datafield ind2=" " ind1=" " tag="520">
      <subfield code="a">Thermophotovoltaic devices based on crystalline germanium (c-Ge) substrates that avoid the epitaxial growth of III-V compounds are a promising solution for reducing technological costs of such technology. Heterojunction based on n-type silicon layers deposited by PECVD on c-Ge are good candidates. However, deposited layers with an efficient electron extraction have proven to be difficult given the instability of c-Ge interface that leads to significant amount of recombination. Herein, we present a novel strategy consisting of a high-temperature anneal of a phosphorus-rich amorphous silicon layer deposited by PECVD. The annealing improves the conductivity and passivation of the structure by inducing a diffusion process of not only phosphorus but also silicon, as demonstrated by ToF-SIMS. We optimize the thermal process for high conductivity and surface passivation. The morphological changes are observed using Raman spectroscopy and X-Ray Diffraction, indicating a partial recrystallization of the amorphous silicon layer and confirming the formation of a SiGe alloy at the surface. Finally, the optimized structure is implemented in a device and tested under 1-sun illumination, yielding an efficiency of 4.53% and validating the feasibility of the approach.</subfield>
   </datafield>
   <datafield ind2=" " ind1=" " tag="520">
      <subfield code="a">Postprint (author's final draft)</subfield>
   </datafield>
   <datafield tag="653" ind2=" " ind1=" ">
      <subfield code="a">Àrees temàtiques de la UPC::Energies::Energia solar fotovoltaica</subfield>
   </datafield>
   <datafield tag="653" ind2=" " ind1=" ">
      <subfield code="a">Phosphorous diffusion</subfield>
   </datafield>
   <datafield tag="653" ind2=" " ind1=" ">
      <subfield code="a">Crystalline germanium</subfield>
   </datafield>
   <datafield tag="653" ind2=" " ind1=" ">
      <subfield code="a">Thermophotovoltaics</subfield>
   </datafield>
   <datafield tag="653" ind2=" " ind1=" ">
      <subfield code="a">PECVD</subfield>
   </datafield>
   <datafield ind2="0" ind1="0" tag="245">
      <subfield code="a">Annealed phosphorous-doped amorphous silicon as electron selective contact for crystalline germanium thermophotovoltaic cells</subfield>
   </datafield>
</record></metadata></record></GetRecord></OAI-PMH>